[Event "1st Gujarat GM Open 2018"]
[Site "Ahmedabad"]
[Date "2018.10.07"]
[Round "4"]
[White "Sai Agni Jeevitesh, J."]
[Black "Mahindrakar Indrajeet"]
[Result "*"]
[WhiteElo "2362"]
[BlackElo "2107"]
[Annotator "NA"]
[PlyCount "67"]
[EventDate "2018.10.05"]
[EventType "swiss"]
[EventCountry "IND"]
[SourceTitle "playchess.com"]
[Source "ChessBase"]
[SourceQuality "1"]
[TimeControl "5400+30"]

1. e4 {[%emt 0:00:00]} c6 {[%emt 0:00:00]} 2. d4 {[%emt 0:00:00]} d5 {[%emt 0:00:00]} 3. e5 {[%emt 0:00:00]} c5 {[%emt 0:00:08]} 4. dxc5 {[%emt 0:00:00]} e6 {[%emt 0:00:06]} 5. a3 {[%emt 0:00:21]} Bxc5 {[%emt 0:00:07]} 6. Qg4 {[%emt 0:00:42]} g6 {[%emt 0:02:44]} 7. Bd3 {[%emt 0:01:33]} Nc6 {[%emt 0:03:05]} 8. Nf3 {[%emt 0:00:31]} Qc7 {[%emt 0:02:29]} 9. Qg3 {[%emt 0:01:51]} Bf8 {[%emt 0:02:05]} 10. O-O {[%emt 0:00:44]} Bg7 {[%emt 0:00:22]} 11. Re1 {[%emt 0:00:39]} Nge7 {[%emt 0:00:15]} 12. Nc3 {[%emt 0:00:45]} a6 {[%emt 0:00:33]} 13. Bg5 {[%emt 0:01:18]} Ng8 {[%emt 0:12:20]} 14. Rad1 {[%emt 0:04:37]} h6 {[%emt 0:00:35]} 15. Bf6 {[%emt 0:02:04]} Kf8 {[%emt 0:02:25]} 16. Bxg7+ {[%emt 0:01:06]} Kxg7 {[%emt 0:00:03]} 17. Ne2 {[%emt 0:00:18]} Nce7 {[%emt 0:05:10]} 18. Nf4 {[%emt 0:04:28]} Rh7 {[%emt 0:08:13]} 19. h4 {[%emt 0:00:58]} Kh8 {[%emt 0:02:16]} 20. h5 {[%emt 0:01:44]} g5 {[%emt 0:10:53]} 21. Bxh7 {[%emt 0:00:26]} gxf4 {[%emt 0:00:03]} 22. Qxf4 {[%emt 0:00:11]} Kxh7 {[%emt 0:00:12]} 23. Qxf7+ {[%emt 0:00:04]} Kh8 {[%emt 0:00:14]} 24. Nh4 {[%emt 0:03:45]} Qd8 {[%emt 0:04:23]} 25. Rd4 {[%emt 0:00:51]} Bd7 {[%emt 0:00:23]} 26. Rg4 {[%emt 0:00:14]} Qf8 {[%emt 0:00:34]} 27. Rxg8+ {[%emt 0:00:14]} Qxg8 {[%emt 0:00:17]} 28. Qxe7 {[%emt 0:00:06]} Qg7 {[%emt 0:00:38]} 29. Ng6+ {[%emt 0:00:44]} Kh7 {[%emt 0:00:09]} 30. Qb4 {[%emt 0:00:32]} Bc6 {[%emt 0:02:58]} 31. Re3 {[%emt 0:00:16]} Rg8 {[%emt 0:00:59]} 32. Rg3 {[%emt 0:01:07]} Qf7 {[%emt 0:00:37]} 33. Rf3 {[%emt 0:01:00]} Qg7 {[%emt 0:01:04]} 34. Rf6 {[%emt 0:00:06]} *

[Event "1st Gujarat GM Open 2018"]
[Site "Ahmedabad"]
[Date "2018.10.07"]
[Round "4"]
[White "Siva Mahadevan"]
[Black "Lalith Babu M R"]
[Result "0-1"]
[WhiteElo "2341"]
[BlackElo "2518"]
[Annotator "ChessBase"]
[PlyCount "80"]
[EventDate "2018.10.05"]
[EventType "swiss"]
[EventCountry "IND"]
[SourceTitle "playchess.com"]
[Source "ChessBase"]
[SourceQuality "1"]
[TimeControl "5400+30"]

1. e4 {[%emt 0:01:04]} c6 {[%emt 0:00:00]} 2. d4 {[%emt 0:00:07]} d5 {[%emt 0:00:00]} 3. e5 {[%emt 0:00:04]} Bf5 {[%emt 0:00:00]} 4. h4 {[%emt 0:00:06]} h5 {[%emt 0:00:00]} 5. c4 {[%emt 0:00:04]} e6 {[%emt 0:00:00]} 6. Nc3 {[%emt 0:00:05]} Ne7 {[%emt 0:00:06]} 7. Nge2 {[%emt 0:00:21]} Nd7 {[%emt 0:00:13]} 8. Bg5 {[%emt 0:00:24]} Qb6 {[%emt 0:00:52]} 9. Qd2 {[%emt 0:00:14]} dxc4 {[%emt 0:00:26]} 10. Ng3 {[%emt 0:00:59]} Bg6 {[%emt 0:01:08]} 11. Bxc4 {[%emt 0:00:57]} Rd8 {[%emt 0:01:30]} 12. Be3 {[%emt 0:27:00]} Qb4 {[%emt 0:06:28]} 13. Qe2 {[%emt 0:01:24]} Nb6 {[%emt 0:01:00]} 14. Bd3 {[%emt 0:05:00]} Bxd3 {[%emt 0:09:47]} 15. Qxd3 {[%emt 0:00:22]} Ng6 {[%emt 0:00:06]} 16. Qe2 {[%emt 0:04:24]} Be7 {[%emt 0:01:54]} 17. Nxh5 {[%emt 0:16:38]} Rxh5 {[%emt 0:04:05]} 18. Qxh5 {[%emt 0:00:06]} Qxb2 {[%emt 0:00:03]} 19. Rc1 {[%emt 0:00:07]} Bb4 {[%emt 0:00:11]} 20. O-O {[%emt 0:00:18]} Bxc3 {[%emt 0:00:09]} 21. Qh7 {[%emt 0:06:45]} Bxd4 {[%emt 0:01:54]} 22. Rcd1 {[%emt 0:04:45]} Rd5 {[%emt 0:06:44]} 23. h5 {[%emt 0:06:13]} Nf8 {[%emt 0:03:27]} 24. Bxd4 {[%emt 0:07:23]} Qxd4 {[%emt 0:00:23]} 25. Qxg7 {[%emt 0:01:07]} Qxe5 {[%emt 0:00:52]} 26. h6 {[%emt 0:02:34]} Qf5 {[%emt 0:03:23]} 27. Rfe1 {[%emt 0:04:38]} Qg6 {[%emt 0:05:32]} 28. Rxd5 {[%emt 0:02:16]} Nxd5 {[%emt 0:00:55]} 29. Re5 {[%emt 0:04:23]} Nf6 {[%emt 0:01:10]} 30. Rg5 {[%emt 0:00:10]} Qb1+ {[%emt 0:00:06]} 31. Kh2 {[%emt 0:00:04]} Ke7 {[%emt 0:03:08]} 32. Rg3 {[%emt 0:00:57]} Qxa2 {[%emt 0:02:44]} 33. Rf3 {[%emt 0:00:12]} Qb2 {[%emt 0:00:40]} 34. g4 {[%emt 0:03:58]} Qe5+ {[%emt 0:01:00]} 35. Kg1 {[%emt 0:01:39]} N8h7 {[%emt 0:00:58]} 36. Rxf6 {[%emt 0:00:23]} Nxf6 {[%emt 0:00:06]} 37. h7 {[%emt 0:00:07]} Qe1+ {[%emt 0:00:05]} 38. Kh2 {[%emt 0:00:17]} Qxf2+ {[%emt 0:00:10]} 39. Kh3 {[%emt 0:00:06]} Qf3+ {[%emt 0:00:13]} 40. Kh2 {[%emt 0:00:12]} Qe2+ {[%emt 0:00:07]} 0-1

[Event "1st Gujarat GM Open 2018"]
[Site "Ahmedabad"]
[Date "2018.10.07"]
[Round "4"]
[White "Saurabh Anand"]
[Black "Srihari L R"]
[Result "0-1"]
[WhiteElo "2303"]
[BlackElo "2170"]
[Annotator "NA"]
[PlyCount "64"]
[EventDate "2018.10.05"]
[EventType "swiss"]
[EventCountry "IND"]
[SourceTitle "playchess.com"]
[Source "ChessBase"]
[SourceQuality "1"]
[TimeControl "5400+30"]

1. e4 {[%emt 0:00:00]} d6 {[%emt 0:00:37]} 2. d4 {[%emt 0:00:00]} Nf6 {[%emt 0:00:08]} 3. Nc3 {[%emt 0:00:05]} c6 {[%emt 0:00:04]} 4. f4 {[%emt 0:00:24]} Qa5 {[%emt 0:00:19]} 5. Bd3 {[%emt 0:00:29]} e5 {[%emt 0:00:32]} 6. Nf3 {[%emt 0:00:22]} Bg4 {[%emt 0:01:21]} 7. Be3 {[%emt 0:00:46]} Nbd7 {[%emt 0:01:21]} 8. O-O {[%emt 0:00:33]} Be7 {[%emt 0:00:25]} 9. h3 {[%emt 0:00:38]} Bxf3 {[%emt 0:02:31]} 10. Qxf3 {[%emt 0:00:17]} O-O {[%emt 0:00:27]} 11. a3 {[%emt 0:00:56]} Qc7 {[%emt 0:04:36]} 12. Ne2 {[%emt 0:00:27]} Rfe8 {[%emt 0:00:50]} 13. g4 {[%emt 0:02:52]} exd4 {[%emt 0:00:43]} 14. Nxd4 {[%emt 0:02:00]} g6 {[%emt 0:06:06]} 15. g5 {[%emt 0:13:34]} Nh5 {[%emt 0:00:13]} 16. f5 {[%emt 0:00:51]} Ne5 {[%emt 0:01:02]} 17. Qf2 {[%emt 0:00:22]} Nxd3 {[%emt 0:03:12]} 18. cxd3 {[%emt 0:00:27]} Bf8 {[%emt 0:00:08]} 19. Rae1 {[%emt 0:12:41]} d5 {[%emt 0:03:51]} 20. exd5 {[%emt 0:05:51]} cxd5 {[%emt 0:01:24]} 21. Kg2 {[%emt 0:04:20]} Qd7 {[%emt 0:04:58]} 22. Qf3 {[%emt 0:06:04]} Rac8 {[%emt 0:09:34]} 23. Bf2 {[%emt 0:01:51]} Bd6 {[%emt 0:03:06]} 24. Rxe8+ {[%emt 0:02:41]} Rxe8 {[%emt 0:00:56]} 25. Re1 {[%emt 0:00:46]} Rxe1 {[%emt 0:07:44]} 26. Bxe1 {[%emt 0:00:09]} Qe7 {[%emt 0:00:40]} 27. Bd2 {[%emt 0:06:29]} Qe5 {[%emt 0:00:31]} 28. Bc3 {[%emt 0:07:23]} Qh2+ {[%emt 0:12:49]} 29. Kf1 {[%emt 0:00:24]} Bf4 {[%emt 0:00:11]} 30. Ne2 {[%emt 0:06:04]} Bxg5 {[%emt 0:00:08]} 31. fxg6 {[%emt 0:00:08]} hxg6 {[%emt 0:00:07]} 32. Qxd5 {[%emt 0:02:00]} Qxe2+ 0-1

[Event "1st Gujarat GM Open 2018"]
[Site "Ahmedabad"]
[Date "2018.10.07"]
[Round "4"]
[White "Raahul V S"]
[Black "Predke, Alexandr"]
[Result "0-1"]
[WhiteElo "2294"]
[BlackElo "2615"]
[Annotator "RC"]
[PlyCount "72"]
[EventDate "2018.10.05"]
[EventType "swiss"]
[EventCountry "IND"]
[SourceTitle "playchess.com"]
[Source "ChessBase"]
[SourceQuality "1"]
[TimeControl "5400+30"]

1. c4 {[%emt 0:00:00]} e5 {[%emt 0:00:47]} 2. Nc3 {[%emt 0:00:00]} Nf6 {[%emt 0:00:18]} 3. Nf3 {[%emt 0:00:00]} Nc6 {[%emt 0:00:05]} 4. e3 {[%emt 0:00:00]} Bb4 {[%emt 0:00:30]} 5. Qc2 {[%emt 0:00:02]} Bxc3 {[%emt 0:00:32]} 6. Qxc3 {[%emt 0:00:05]} Qe7 {[%emt 0:00:14]} 7. d4 {[%emt 0:00:10]} Ne4 {[%emt 0:01:07]} 8. Qd3 {[%emt 0:00:16]} exd4 {[%emt 0:00:17]} 9. Nxd4 {[%emt 0:00:02]} Nc5 {[%emt 0:00:13]} 10. Qd2 {[%emt 0:04:13]} Nxd4 {[%emt 0:00:04]} 11. Qxd4 {[%emt 0:00:03]} O-O {[%emt 0:00:44]} 12. Be2 {[%emt 0:01:32]} b6 {[%emt 0:00:59]} 13. Bf3 {[%emt 0:01:00]} Bb7 {[%emt 0:01:44]} 14. Bxb7 {[%emt 0:03:02]} Nxb7 {[%emt 0:00:03]} 15. O-O {[%emt 0:00:57]} Nc5 {[%emt 0:00:23]} 16. b3 {[%emt 0:00:57]} d6 {[%emt 0:00:48]} 17. Bb2 {[%emt 0:00:43]} f5 {[%emt 0:00:06]} 18. Rfe1 {[%emt 0:02:27]} a5 {[%emt 0:00:10]} 19. f3 {[%emt 0:01:16]} Rae8 {[%emt 0:00:44]} 20. Rad1 {[%emt 0:02:25]} Rf7 {[%emt 0:01:53]} 21. Ba3 {[%emt 0:01:18]} Ne6 {[%emt 0:00:47]} 22. Qd2 {[%emt 0:00:14]} Qg5 {[%emt 0:03:32]} 23. e4 {[%emt 0:04:49]} Nf4 {[%emt 0:07:00]} 24. e5 {[%emt 0:00:32]} Rfe7 {[%emt 0:41:18]} 25. g3 {[%emt 0:00:10]} Rxe5 {[%emt 0:00:51]} 26. Rxe5 {[%emt 0:00:06]} dxe5 {[%emt 0:00:04]} 27. Qd7 {[%emt 0:00:15]} Qg6 {[%emt 0:07:04]} 28. Qxc7 {[%emt 0:01:27]} Ne2+ {[%emt 0:00:06]} 29. Kg2 {[%emt 0:02:13]} e4 {[%emt 0:20:41]} 30. Bb2 {[%emt 0:03:52]} exf3+ {[%emt 0:02:54]} 31. Kf2 {[%emt 0:01:26]} f4 {[%emt 0:01:26]} 32. Rd8 {[%emt 0:12:03]} Nd4 {[%emt 0:01:48]} 33. Rxd4 {[%emt 0:04:50]} Qc2+ {[%emt 0:01:57]} 34. Kxf3 {[%emt 0:00:02]} Qe2+ {[%emt 0:00:04]} 35. Kxf4 {[%emt 0:00:19]} Rf8+ {[%emt 0:00:45]} 36. Kg5 {[%emt 0:00:19]} h6+ {[%emt 0:00:08]} 0-1

[Event "1st Gujarat GM Open 2018"]
[Site "Ahmedabad"]
[Date "2018.10.07"]
[Round "4"]
[White "Aaryan Varshney"]
[Black "Shahil Dey"]
[Result "1/2-1/2"]
[WhiteElo "2286"]
[BlackElo "2063"]
[Annotator "NA"]
[PlyCount "93"]
[EventDate "2018.10.05"]
[EventType "swiss"]
[EventCountry "IND"]
[SourceTitle "playchess.com"]
[Source "ChessBase"]
[SourceQuality "1"]
[TimeControl "5400+30"]

1. d4 {[%emt 0:00:39]} d5 {[%emt 0:00:00]} 2. c4 {[%emt 0:00:07]} c6 {[%emt 0:00:00]} 3. Nf3 {[%emt 0:00:05]} Nf6 {[%emt 0:00:00]} 4. Nc3 {[%emt 0:00:09]} e6 {[%emt 0:00:00]} 5. e3 {[%emt 0:00:18]} Nbd7 {[%emt 0:00:00]} 6. Bd3 {[%emt 0:01:26]} dxc4 {[%emt 0:00:05]} 7. Bxc4 {[%emt 0:00:02]} b5 {[%emt 0:00:10]} 8. Bd3 {[%emt 0:00:04]} Bd6 {[%emt 0:00:06]} 9. O-O {[%emt 0:00:20]} O-O {[%emt 0:00:06]} 10. b3 {[%emt 0:01:39]} Bb7 {[%emt 0:00:38]} 11. Bb2 {[%emt 0:00:22]} a6 {[%emt 0:01:19]} 12. a4 {[%emt 0:07:01]} Rc8 {[%emt 0:02:27]} 13. Rc1 {[%emt 0:03:34]} Qe7 {[%emt 0:00:48]} 14. Qe2 {[%emt 0:00:44]} Rfd8 {[%emt 0:05:40]} 15. Rfd1 {[%emt 0:00:20]} h6 {[%emt 0:05:07]} 16. h3 {[%emt 0:01:14]} e5 {[%emt 0:04:28]} 17. Bb1 {[%emt 0:07:51]} exd4 {[%emt 0:03:56]} 18. Nxd4 {[%emt 0:00:37]} g6 {[%emt 0:00:06]} 19. Nf3 {[%emt 0:02:46]} b4 {[%emt 0:02:45]} 20. Ne4 {[%emt 0:01:59]} Nxe4 {[%emt 0:10:27]} 21. Bxe4 {[%emt 0:00:04]} Nc5 {[%emt 0:09:38]} 22. Bc2 {[%emt 0:00:43]} a5 {[%emt 0:00:20]} 23. Nd4 {[%emt 0:12:43]} Be5 {[%emt 0:02:48]} 24. f4 {[%emt 0:02:09]} Bxd4 {[%emt 0:00:48]} 25. Bxd4 {[%emt 0:08:22]} Ne6 {[%emt 0:00:09]} 26. Be5 {[%emt 0:00:33]} c5 {[%emt 0:05:35]} 27. Qc4 {[%emt 0:03:44]} Qh4 {[%emt 0:05:37]} 28. Be4 {[%emt 0:12:06]} Bc6 29. Bd5 Bxd5 {[%emt 0:01:15]} 30. Qd4 Be4 31. Qxe4 {[%emt 0:01:02]} Ng5 {[%emt 0:00:57]} 32. Qc2 {[%emt 0:08:09]} Qg3 {[%emt 0:01:17]} 33. Rxd8+ {[%emt 0:06:23]} Rxd8 {[%emt 0:00:02]} 34. fxg5 {[%emt 0:00:04]} Qxe3+ {[%emt 0:00:25]} 35. Kh1 {[%emt 0:00:08]} Qxe5 {[%emt 0:00:05]} 36. gxh6 {[%emt 0:01:03]} Kh7 {[%emt 0:01:27]} 37. Qf2 {[%emt 0:09:09]} Rd7 {[%emt 0:03:03]} 38. Qh4 {[%emt 0:01:17]} Rd4 {[%emt 0:03:38]} 39. Qf2 {[%emt 0:00:42]} Rd7 {[%emt 0:00:52]} 40. Qh4 {[%emt 0:00:33]} Qe3 {[%emt 0:04:02]} 41. Re1 {[%emt 0:01:06]} Qxh6 {[%emt 0:01:20]} 42. Qf6 {[%emt 0:02:05]} Qd2 {[%emt 0:00:53]} 43. Qh4+ {[%emt 0:01:55]} Kg7 {[%emt 0:03:19]} 44. Re8 {[%emt 0:00:20]} Qd1+ {[%emt 0:02:54]} 45. Kh2 {[%emt 0:00:05]} Qd6+ {[%emt 0:00:06]} 46. Kh1 {[%emt 0:00:22]} Qd1+ {[%emt 0:00:08]} 47. Kh2 {[%emt 0:00:01]} 1/2-1/2

[Event "1st Gujarat GM Open 2018"]
[Site "Ahmedabad"]
[Date "2018.10.07"]
[Round "4"]
[White "Kunal, M.."]
[Black "Gukesh D"]
[Result "0-1"]
[WhiteElo "2270"]
[BlackElo "2456"]
[Annotator "ChessBase"]
[PlyCount "64"]
[EventDate "2018.10.05"]
[EventType "swiss"]
[EventCountry "IND"]
[SourceTitle "playchess.com"]
[Source "ChessBase"]
[SourceQuality "1"]
[TimeControl "5400+30"]

1. Nf3 {[%emt 0:00:00]} Nf6 {[%emt 0:00:04]} 2. g3 {[%emt 0:00:00]} g6 {[%emt 0:00:06]} 3. b3 {[%emt 0:00:00]} Bg7 {[%emt 0:00:34]} 4. Bb2 {[%emt 0:00:00]} O-O {[%emt 0:00:08]} 5. Bg2 {[%emt 0:00:00]} d6 {[%emt 0:00:34]} 6. d4 {[%emt 0:00:02]} Nbd7 {[%emt 0:00:27]} 7. O-O {[%emt 0:00:41]} Re8 {[%emt 0:00:28]} 8. a4 {[%emt 0:04:38]} c6 {[%emt 0:04:34]} 9. a5 {[%emt 0:09:42]} Qc7 {[%emt 0:00:24]} 10. c4 {[%emt 0:00:08]} e5 {[%emt 0:00:21]} 11. dxe5 {[%emt 0:04:41]} dxe5 {[%emt 0:00:23]} 12. b4 {[%emt 0:00:09]} e4 {[%emt 0:09:19]} 13. Nd4 {[%emt 0:00:05]} e3 {[%emt 0:09:10]} 14. f4 {[%emt 0:00:46]} Ng4 {[%emt 0:10:07]} 15. Qc1 {[%emt 0:03:52]} Ndf6 {[%emt 0:02:34]} 16. a6 {[%emt 0:08:32]} Ne4 {[%emt 0:10:59]} 17. axb7 {[%emt 0:00:34]} Bxb7 {[%emt 0:00:32]} 18. Nb3 {[%emt 0:01:24]} Nd2 {[%emt 0:08:29]} 19. Bxg7 {[%emt 0:14:21]} Nxb3 {[%emt 0:05:16]} 20. Qc2 {[%emt 0:07:22]} Nxa1 {[%emt 0:00:46]} 21. Bxa1 {[%emt 0:01:02]} f6 {[%emt 0:05:38]} 22. Bf3 {[%emt 0:09:01]} Nf2 {[%emt 0:03:17]} 23. c5 {[%emt 0:01:40]} Qf7 {[%emt 0:04:30]} 24. Na3 {[%emt 0:00:19]} Ba6 {[%emt 0:01:12]} 25. Rxf2 {[%emt 0:07:04]} exf2+ {[%emt 0:00:05]} 26. Kxf2 {[%emt 0:00:04]} Rad8 {[%emt 0:01:17]} 27. b5 {[%emt 0:01:25]} cxb5 {[%emt 0:02:47]} 28. Qc3 {[%emt 0:00:07]} b4 {[%emt 0:02:45]} 29. Qxb4 {[%emt 0:00:08]} Qa2 {[%emt 0:00:29]} 30. Qb2 {[%emt 0:06:16]} Qxb2 {[%emt 0:00:21]} 31. Bxb2 {[%emt 0:00:04]} Bxe2 {[%emt 0:01:41]} 32. Bxf6 {[%emt 0:00:42]} Bxf3 {[%emt 0:00:09]} 0-1

[Event "1st Gujarat GM Open 2018"]
[Site "Ahmedabad"]
[Date "2018.10.07"]
[Round "4"]
[White "Pranav Anand"]
[Black "Nikhil Magizhnan"]
[Result "0-1"]
[WhiteElo "2269"]
[BlackElo "2056"]
[Annotator "NA"]
[PlyCount "50"]
[EventDate "2018.10.05"]
[EventType "swiss"]
[EventCountry "IND"]
[SourceTitle "playchess.com"]
[Source "ChessBase"]
[SourceQuality "1"]
[TimeControl "5400+30"]

1. d4 {[%emt 0:00:00]} Nf6 {[%emt 0:00:00]} 2. c4 {[%emt 0:00:00]} e6 {[%emt 0:00:08]} 3. Nc3 {[%emt 0:00:00]} Bb4 {[%emt 0:00:15]} 4. e3 {[%emt 0:00:00]} O-O {[%emt 0:00:26]} 5. Nge2 {[%emt 0:00:00]} b6 {[%emt 0:00:18]} 6. f3 {[%emt 0:02:54]} d5 {[%emt 0:00:45]} 7. cxd5 exd5 {[%emt 0:01:47]} 8. Ng3 {[%emt 0:06:10]} c5 {[%emt 0:01:35]} 9. a3 {[%emt 0:07:55]} cxd4 {[%emt 0:08:15]} 10. exd4 {[%emt 0:02:49]} Bd6 {[%emt 0:01:02]} 11. Bd3 {[%emt 0:02:22]} Nh5 {[%emt 0:09:43]} 12. Nxh5 {[%emt 0:07:06]} Qh4+ {[%emt 0:00:15]} 13. g3 {[%emt 0:00:04]} Qxh5 {[%emt 0:06:20]} 14. Kf2 {[%emt 0:00:21]} Nc6 {[%emt 0:06:49]} 15. Ne2 {[%emt 0:02:46]} Re8 {[%emt 0:08:47]} 16. Bb5 {[%emt 0:09:49]} Bd7 {[%emt 0:03:27]} 17. Bf4 {[%emt 0:03:15]} Rxe2+ {[%emt 0:03:12]} 18. Bxe2 {[%emt 0:18:58]} Bxf4 {[%emt 0:00:53]} 19. gxf4 {[%emt 0:01:45]} Qh4+ {[%emt 0:01:02]} 20. Kg1 {[%emt 0:00:12]} Qxf4 {[%emt 0:01:08]} 21. Rc1 {[%emt 0:13:20]} Bh3 {[%emt 0:05:12]} 22. Rc3 {[%emt 0:01:41]} Re8 {[%emt 0:00:40]} 23. Bf1 {[%emt 0:10:31]} Qg5+ {[%emt 0:01:04]} 24. Kf2 {[%emt 0:00:07]} Qh4+ {[%emt 0:00:05]} 25. Kg1 {[%emt 0:00:04]} Re1 {[%emt 0:00:39]} 0-1

[Event "1st Gujarat GM Open 2018"]
[Site "Ahmedabad"]
[Date "2018.10.07"]
[Round "4"]
[White "Ziatdinov, Raset"]
[Black "Gandhi, Anish"]
[Result "0-1"]
[WhiteElo "2265"]
[BlackElo "2042"]
[Annotator "NA"]
[PlyCount "54"]
[EventDate "2018.10.05"]
[EventType "swiss"]
[EventCountry "IND"]
[SourceTitle "playchess.com"]
[Source "ChessBase"]
[SourceQuality "1"]
[TimeControl "5400+30"]

1. e4 {[%emt 0:00:03]} c5 {[%emt 0:00:00]} 2. Nf3 {[%emt 0:00:17]} d6 {[%emt 0:00:00]} 3. d4 {[%emt 0:00:06]} cxd4 {[%emt 0:00:00]} 4. Nxd4 {[%emt 0:00:03]} Nf6 {[%emt 0:00:00]} 5. Nc3 {[%emt 0:00:04]} a6 {[%emt 0:00:00]} 6. Bg5 {[%emt 0:00:13]} e6 {[%emt 0:00:02]} 7. Qe2 {[%emt 0:00:12]} Be7 {[%emt 0:02:11]} 8. h4 {[%emt 0:00:06]} b5 {[%emt 0:02:48]} 9. g4 {[%emt 0:02:34]} b4 {[%emt 0:06:15]} 10. Nd1 {[%emt 0:01:57]} Bb7 {[%emt 0:01:31]} 11. Bg2 {[%emt 0:00:14]} Nc6 {[%emt 0:03:19]} 12. Nxc6 {[%emt 0:10:57]} Bxc6 {[%emt 0:00:06]} 13. Bxf6 {[%emt 0:01:29]} Bxf6 {[%emt 0:01:33]} 14. Qd2 {[%emt 0:00:57]} Bxh4 {[%emt 0:06:50]} 15. Qxb4 {[%emt 0:02:48]} Bg5 {[%emt 0:02:15]} 16. Qc3 {[%emt 0:03:09]} Rc8 {[%emt 0:08:32]} 17. Qxg7 {[%emt 0:00:47]} Bf6 {[%emt 0:01:01]} 18. Qh6 {[%emt 0:00:07]} Bg5 {[%emt 0:18:57]} 19. Qh5 {[%emt 0:01:59]} Qf6 {[%emt 0:08:33]} 20. Rh3 {[%emt 0:04:16]} Bb5 {[%emt 0:04:31]} 21. Nc3 {[%emt 0:01:15]} Bd2+ {[%emt 0:06:20]} 22. Kxd2 {[%emt 0:09:24]} Qxf2+ {[%emt 0:00:58]} 23. Kc1 {[%emt 0:03:01]} Qe1+ {[%emt 0:04:17]} 24. Nd1 {[%emt 0:00:33]} Be2 {[%emt 0:00:28]} 25. Rh1 {[%emt 0:00:37]} Bd3 {[%emt 0:00:25]} 26. Qh3 {[%emt 0:03:09]} Rxc2+ {[%emt 0:01:01]} 27. Kb1 {[%emt 0:00:06]} Qd2 {[%emt 0:00:12]} 0-1

[Event "1st Gujarat GM Open 2018"]
[Site "Ahmedabad"]
[Date "2018.10.07"]
[Round "4"]
[White "Ritviz, Parab"]
[Black "Jayachandra Srinivas Vellanki"]
[Result "1-0"]
[WhiteElo "2252"]
[BlackElo "2011"]
[Annotator "NA"]
[PlyCount "71"]
[EventDate "2018.10.05"]
[EventType "swiss"]
[EventCountry "IND"]
[SourceTitle "playchess.com"]
[Source "ChessBase"]
[SourceQuality "1"]
[TimeControl "5400+30"]

1. e4 {[%emt 0:00:00]} e6 {[%emt 0:01:37]} 2. d4 {[%emt 0:00:00]} d5 {[%emt 0:00:07]} 3. Nc3 {[%emt 0:00:00]} Nf6 {[%emt 0:00:11]} 4. Bg5 {[%emt 0:00:31]} Be7 {[%emt 0:01:06]} 5. e5 {[%emt 0:00:12]} Nfd7 {[%emt 0:00:04]} 6. h4 {[%emt 0:01:10]} Nc6 {[%emt 0:02:00]} 7. f4 {[%emt 0:03:08]} Nb6 {[%emt 0:03:11]} 8. Nf3 {[%emt 0:01:02]} Bd7 {[%emt 0:04:02]} 9. Qd2 {[%emt 0:04:25]} h6 {[%emt 0:02:24]} 10. Bxe7 {[%emt 0:02:53]} Qxe7 {[%emt 0:00:02]} 11. h5 {[%emt 0:00:51]} O-O-O {[%emt 0:00:31]} 12. a3 {[%emt 0:17:09]} Kb8 {[%emt 0:02:32]} 13. g4 {[%emt 0:00:59]} Rc8 {[%emt 0:01:04]} 14. b4 {[%emt 0:14:51]} a5 {[%emt 0:11:35]} 15. Na2 {[%emt 0:14:01]} a4 {[%emt 0:01:53]} 16. Bd3 {[%emt 0:00:41]} Nc4 {[%emt 0:05:10]} 17. Bxc4 {[%emt 0:01:41]} dxc4 {[%emt 0:00:04]} 18. Qe2 {[%emt 0:03:51]} Na7 {[%emt 0:06:23]} 19. Qxc4 {[%emt 0:02:20]} Bc6 {[%emt 0:00:24]} 20. Kf2 {[%emt 0:01:10]} f6 {[%emt 0:01:06]} 21. Nc3 {[%emt 0:01:35]} b5 {[%emt 0:01:11]} 22. Qc5 {[%emt 0:09:49]} Qf7 {[%emt 0:01:08]} 23. exf6 {[%emt 0:05:04]} Qxf6 {[%emt 0:00:53]} 24. Qe5 {[%emt 0:01:10]} Qxe5 {[%emt 0:01:22]} 25. dxe5 {[%emt 0:00:28]} Bxf3 {[%emt 0:00:35]} 26. Kxf3 {[%emt 0:00:05]} c5 {[%emt 0:00:04]} 27. bxc5 {[%emt 0:04:49]} Rxc5 {[%emt 0:00:17]} 28. Ne4 {[%emt 0:00:43]} Rxc2 {[%emt 0:00:27]} 29. Rhd1 {[%emt 0:00:06]} Rhc8 {[%emt 0:00:55]} 30. Rab1 {[%emt 0:00:51]} Ra2 {[%emt 0:01:24]} 31. Rd3 {[%emt 0:00:33]} Rcc2 {[%emt 0:00:37]} 32. f5 {[%emt 0:01:00]} exf5 {[%emt 0:06:27]} 33. gxf5 {[%emt 0:00:02]} Rh2 {[%emt 0:01:40]} 34. e6 {[%emt 0:00:31]} Rxh5 {[%emt 0:00:33]} 35. Ng3 {[%emt 0:00:16]} Rhh2 {[%emt 0:00:58]} 36. e7 {[%emt 0:00:14]} 1-0